| 000 | 00734nam a2200229 a 4500 | ||
|---|---|---|---|
| 001 | 000023577 | ||
| 005 | 20230526131558.0 | ||
| 008 | 100303s1994 sp 000 d spa d | ||
| 020 | _a8474612527 | ||
| 040 |
_aDO-SdBNP _bspa _cBNPHU |
||
| 082 |
_a862.3 _bR741cel |
||
| 100 | 1 |
_aRojas, Fernando de, _d1470-1541 _939878 |
|
| 245 | 1 | 3 |
_aLa Celestina : _btragicomedia de Calisto y Melibea / _cFernando de Rojas. |
| 260 |
_aMadrid : _bClub Internacional del Libro, _c1994. |
||
| 300 |
_a253 p. ; _c16 cm. |
||
| 490 | 1 | _aGrandes genios de la literatura universal | |
| 650 | 4 |
_aTeatro español _93071 |
|
| 650 | 4 |
_aLiteratura española _9632 |
|
| 830 | 0 |
_aGrandes genios de la literatura universal _97077 |
|
| 910 | _aWM | ||
| 049 | _aBNGR | ||
| 999 |
_c23073 _d23073 |
||